Datum a čas kvízu
15.5
Celkem bodů
Celkový počet nahraných bodů na tomto kvízu bez doplňovacích otázek.
5.
Pořadí na kvízu
Konečné umístění týmu na tomto kvízu.
Zaznamenané odpovědi
| # | Otázka | Odpověď | Body | Výsledky |
|---|---|---|---|---|
| 1. | Spisovatelka a signatářka Char... | Lenka Procházková | 0 | |
| 2. | V pařížské katedrále Notre-Dam... | všichni museli mít na hlavách stavební přilby | 0 | |
| 3. | Pořadatelé Mezinárodního filmo... | Julianne Moore | 1 | |
| 4. | V úterý se v londýnské aukční... | Ludwig van Beethoven | 0 | |
| 5. | Díky výhře 4:1 nad týmem Bosto... | první | 1 | |
| 6. | Google vyhledávač má svou rozš... | (Google) Scholar | 1 | |
| 7. | Jestliže zadáme do předmětného... | A) proč kluci dělají cucfleky | 0 | |
| 8. | Při použití vyhledávače, o něm... | easter egg (velikonoční vajíčko) | 0 | |
| 9. | Sídlo společnosti Google nemůž... | Googleplex | 0 | |
| 10. | Koncept svátečního loga (tzv.... | Den sv. Patrika | 1 |